000
00344nam a2200145Ia 4500
003
OSt
005
20240115164404.0
008
170523s9999 xx 000 0 und d
020
_a
9788194075707
040
_c
IIMT UNIVERSITY
100
_a
KENDULA- SRINIVAS
245
0
_a
STRATEGIC HUMAN RESOURCE DEVELOPMENT
260
_b
PHI
942
_2
ddc
_c
06
999
_c
1451
_d
1451